Osobnosť riadiaceho pracovníka v súčasných podmienkach modernej trhovej ekonomiky

Osobnosť riadiaceho pracovníka zodpovedajúca moderným podmienkam trhovej ekonomiky je v našej krajine stále v stave formovania. Problematika riadenia vo svete aj v SR je predmetom početných výskumov. U nás sa týmito otázkami zaoberá veľké množstvo organizácií. V dôsledku dynamiky zmien v tejto oblas...

Descrizione completa

Salvato in:
Dettagli Bibliografici
Autore principale: Majerčák, Peter
Altri autori: Farkašová, Viera
Natura: Capitolo di libro
Lingua:slovacco
Soggetti:
Tags: Aggiungi Tag
Nessun Tag, puoi essere il primo ad aggiungerne!!

MARC

LEADER 00000nla$a2200000$$$4500
001 0036931
005 20220323105923.7
041 0 |a slo 
044 |a SK 
245 1 0 |a Osobnosť riadiaceho pracovníka v súčasných podmienkach modernej trhovej ekonomiky  |c Peter Majerčák, Viera Farkašová 
520 |a Osobnosť riadiaceho pracovníka zodpovedajúca moderným podmienkam trhovej ekonomiky je v našej krajine stále v stave formovania. Problematika riadenia vo svete aj v SR je predmetom početných výskumov. U nás sa týmito otázkami zaoberá veľké množstvo organizácií. V dôsledku dynamiky zmien v tejto oblasti však stále existuje veľa "bielych miest", ktoré čakajú na preskúmanie. Príspevok sa zaoberá priblížením základných vlastností súčasných úspešných manažérov a euromanažérov. 
610 2 0 |a manažéri 
610 2 0 |a pracovníci riadiaci 
610 2 0 |a riadenie podľa kompetencií 
610 2 0 |a osobnosť 
610 2 0 |a hospodárstvo trhové 
610 2 0 |a tímy pracovné 
610 2 0 |a riadenie podnikové 
100 1 |a Majerčák, Peter 
700 1 |a Farkašová, Viera